000 01549nam0a22003611 4500
001 rc\3410418
005 20130115140337.9
021 _aRU
_b[71-43645]
035 _a(NLR Aleph) 007577684
090 _a5474106
_c5474106
100 _a20130115d1971 |||y0rusy50 ca
101 1 _arus
_ceng
102 _aRU
105 _aa i |||||
200 1 _aСтатистическая механика
_eСтрогие результаты
_fПеревод с англ. Н.Д. Новикова и В.М. Герцика
_gПод ред. Р.А. Минлоса
210 _aМосква
_cМир
_d1971
215 _a367 с.
_cчерт.
_d21
300 _aДоп. тит. л.: Statistical Mechanics. Rigorous Results. David Ruelle
320 _aУказ.: с. 362-365
320 _aСписки лит.: с. 307-313 и с. 354-361
327 0 _aВ кн. также: Обзор ряда недавних результатов / Р.Л. Добрушин, Р.А. Минлос, Ю.М. Сухов
464 0 _12001#$aОбзор ряда недавних результатов
_1700#1$aДобрушин$bР.Л.
_1701#1$aМинлос$bР.А.
_1701#1$aСухов$bЮ.М.
513 0 _aStatistical Mechanics
606 _aСтатистическая физика
_2psbo
700 1 _aРюэль
_bД.
_gДавид
702 1 _aГерцик
_bВ. М.
_4730
702 1 _aМинлос
_bР. А.
_4340
702 1 _aНовиков
_bН. Д.
_4730
801 0 _aRU
_bNLR
_gpsbo
801 1 _aRU
_bELAR
_2rusmarc
852 _aNLR
_j71-3/3642
942 _cBOOK
980 _aNB